Nietzsche
Saved in:
| Hovedforfatter: | |
|---|---|
| Format: | Bog |
| Sprog: | spansk |
| Udgivet: |
Madrid
La Nave
1942
|
| Udgivelse: | 1a. ed |
| Fag: | |
| Tags: |
Tilføj Tag
Ingen Tags, Vær først til at tagge denne postø!
|
MARC
| LEADER | 00000cam a2200000 a 4500 | ||
|---|---|---|---|
| 001 | UCE6518 | ||
| 003 | CL-VaPUC | ||
| 008 | 150416e19420000sp |||||||||||||||||spa|d | ||
| 082 | 0 | 4 | |a 193 |b HAL |2 21 |
| 100 | |a Halévy, Daniel |e author |9 588307 | ||
| 245 | 1 | 0 | |a Nietzsche |
| 250 | |a 1a. ed | ||
| 300 | |a 428 p | ||
| 942 | |c BK | ||
| 945 | |d 20150416 10:41:00 |a arojas | ||
| 260 | |a Madrid |b La Nave |c 1942 | ||
| 650 | 0 | |a Filosofía alemana |9 265002 | |
| 650 | 0 | |a Teoría del conocimiento |9 255038 | |
| 650 | 0 | |a Crítica e interpretación |9 255042 | |
| 650 | 0 | |a Biografías |9 255210 | |
| 583 | |a last modification |c 20150416 10:41:00 |k Rodrigo Vera | ||
| 999 | |c 358844 |d 358842 | ||
| 952 | |0 0 |1 0 |3 erd |4 0 |6 193_000000000000000_HAL_1942 |7 0 |8 P |9 467749 |a BIBEDU |b BIBEDU |c BIBEDU_PB |e Villagrán Garnham, Jorge |i 5159725 |o 193 HAL 1942 |p 5159725 |r 2024-01-25 |w 2019-11-23 |y BK |z Catalogado en:20150416 |k FIL | ||